000 00763 a2200205 4500
001 30820
005 20260407155617.0
008 260407a1961 arg spa d
003 AR-UNSa-BCEJYS
040 _aAR-UNSa-BCEJYS
_bspa
_cAR-UNSa-BCEJYS
080 _a657.633
_xDetalles técnicos de la auditoría. Comprobaciones internas
245 1 0 _aAuditoria y análisis de los estados
264 1 _aBuenos Aires :
_bEdiciones Macchi
_c1961
300 _a392 p.
_c23 cm.
505 _a1. La actividad profesional del contador público independiente - 2. El contador público como auditor externo - 3. Examen de los estados contables...
942 _cBK
590 _aniveau_biblio:m niveau_hierar:0
100 1 _aPierre, José Alfredo
700 1 _aGarcia, Domingo
999 _c2125
_d2125